|
003 -Nazwa inst., której nr kontr. jest w polu 001 [,]
|
-
- @
- Nazwa instytucji, której n kontrolny jest w polu 001
- NUKAT
|
|
005 -DATA I CZAS OSTATNIEJ MODYFIKACJI [,]
|
-
- @
- pole kontrolne
- 20241231085420.0
|
|
020 -Międzynarod. znormalizowany nr książki - ISBN [ , ]
|
-
- a
- Numer ISBN
- 9788381079952
-
- q
- Dopowiedzenie
- t. 8 ; całość
|
|
020 -Międzynarod. znormalizowany nr książki - ISBN [ , ]
|
-
- a
- Numer ISBN
- 9788381079983
-
- q
- Dopowiedzenie
- t. 8, cz. 1 i 2
|
|
020 -Międzynarod. znormalizowany nr książki - ISBN [ , ]
|
-
- a
- Numer ISBN
- 9788381079990
-
- q
- Dopowiedzenie
- t. 8, cz. 3 i 4
|
|
020 -Międzynarod. znormalizowany nr książki - ISBN [ , ]
|
-
- a
- Numer ISBN
- 9788381605977
-
- q
- Dopowiedzenie
- t. 8, cz. 1
|
|
020 -Międzynarod. znormalizowany nr książki - ISBN [ , ]
|
-
- a
- Numer ISBN
- 9788381079969
-
- q
- Dopowiedzenie
- t. 8, cz. 2
|
|
020 -Międzynarod. znormalizowany nr książki - ISBN [ , ]
|
-
- a
- Numer ISBN
- 9788381604611
-
- q
- Dopowiedzenie
- t. 8, cz. 3
|
|
020 -Międzynarod. znormalizowany nr książki - ISBN [ , ]
|
-
- a
- Numer ISBN
- 9788381079976
-
- q
- Dopowiedzenie
- t. 8, cz. 4
|
|
020 -Międzynarod. znormalizowany nr książki - ISBN [ , ]
|
-
- a
- Numer ISBN
- 9788327800800
-
|
|
020 -Międzynarod. znormalizowany nr książki - ISBN [ , ]
|
-
- a
- Numer ISBN
- 9788326488146
-
|
|
040 -Instytucja sporządzająca opis [ , ]
|
-
- a
- Instytucja, która sporządziła opis (NP)
- WA M/MM
-
- b
- Język katalogowania
- pol
-
- e
- Zasady katalogowania
- rda
-
- c
- Instytucja, która sporządziła rekord (NP)
- WA M/MM
-
- d
- Instytucja, która zmodyfikowała rekord (P)
- WR U/PAdap
-
- d
- Instytucja, która zmodyfikowała rekord (P)
- WA U/mgs
|
|
942 -Rodzaj dokumentu [ , ]
|
-
- c
- Rodzaj dokumentu
- Książka
|
|
245 -Strefa tytułu i oznaczenia odpowiedzialności [0,0]
|
-
- a
- Tytuł
- System prawa karnego procesowego.
-
- n
- Oznaczenie części (P)
- T. 8,
-
- p
- Nazwa części (P)
- Dowody.
-
- n
- Oznaczenie części (P)
- Cz. 4 /
-
- c
- Pozostałe elementy strefy tytułu i oznaczenia odpowiedzialności (NP)
- redakcja naukowa Jerzy Skorupka ; autorzy: Marcin Adamczyk, Michał Błoński, Łukasz Cora, Dorota Czerwińska, Dagmara Gruszecka, Ryszard Jaworski, Jerzy Kasprzak, Monika Klejnowska, Radosław Koper, Karolina Kremens, Michał Kurowski, Martyna Kusak, Arkadiusz Lach, Tadeusz Widła, Paweł Wiliński, Kazimierz Zgryzek, Marcin Żak.
|
|
246 -Wariant tytułu [1,8]
|
-
-
- b
- Ciąg dalszy tytułu (NP)
- dowody
|
|
246 -Wariant tytułu [3,0]
|
-
|
|
260 -Strefa adresu wydawniczego [ , ]
|
-
- a
- Miejsce wydania (P)
- Warszawa :
-
- b
- Nazwa wydawcy (P)
- Wolters Kluwer,
-
|
|
700 -Hasło dodatkowe - nazwa osobowa [1, ]
|
-
- a
- Nazwa osobowa (NP)
- Skorupka, Jerzy
-
- d
- Daty biograficzne (NP)
- (1960- ).
-
- e
- Określenie rodzaju współpracy
- Redakcja
-
|
|
700 -Hasło dodatkowe - nazwa osobowa [1, ]
|
-
- a
- Nazwa osobowa (NP)
- Adamczyk, Marcin
-
- c
- Dopowiedzenie inne niż daty biograficzne (NP)
- (prawo).
-
- e
- Określenie rodzaju współpracy
- Autor
-
|
|
700 -Hasło dodatkowe - nazwa osobowa [1, ]
|
-
- a
- Nazwa osobowa (NP)
- Gruszecka, Dagmara.
-
- e
- Określenie rodzaju współpracy
- Autor
-
|
|
700 -Hasło dodatkowe - nazwa osobowa [1, ]
|
-
- a
- Nazwa osobowa (NP)
- Kasprzak, Jerzy
-
- d
- Daty biograficzne (NP)
- (1954- ).
-
- e
- Określenie rodzaju współpracy
- Autor
-
|
|
700 -Hasło dodatkowe - nazwa osobowa [1, ]
|
-
- a
- Nazwa osobowa (NP)
- Kremens, Karolina.
-
- e
- Określenie rodzaju współpracy
- Autor
-
|
|
700 -Hasło dodatkowe - nazwa osobowa [1, ]
|
-
- a
- Nazwa osobowa (NP)
- Błoński, Michał
-
- c
- Dopowiedzenie inne niż daty biograficzne (NP)
- (prawo).
-
- e
- Określenie rodzaju współpracy
- Autor
-
|
|
700 -Hasło dodatkowe - nazwa osobowa [1, ]
|
-
- a
- Nazwa osobowa (NP)
- Cora, Łukasz.
-
- e
- Określenie rodzaju współpracy
- Autor
-
|
|
700 -Hasło dodatkowe - nazwa osobowa [1, ]
|
-
- a
- Nazwa osobowa (NP)
- Czerwińska, Dorota
-
- c
- Dopowiedzenie inne niż daty biograficzne (NP)
- (prawo).
-
- e
- Określenie rodzaju współpracy
- Autor
-
|
|
700 -Hasło dodatkowe - nazwa osobowa [1, ]
|
-
- a
- Nazwa osobowa (NP)
- Jaworski, Ryszard.
-
- e
- Określenie rodzaju współpracy
- Autor
-
|
|
700 -Hasło dodatkowe - nazwa osobowa [1, ]
|
-
- a
- Nazwa osobowa (NP)
- Klejnowska, Monika.
-
- e
- Określenie rodzaju współpracy
- Autor
-
|
|
700 -Hasło dodatkowe - nazwa osobowa [1, ]
|
-
- a
- Nazwa osobowa (NP)
- Koper, Radosław.
-
- e
- Określenie rodzaju współpracy
- Autor
-
|
|
700 -Hasło dodatkowe - nazwa osobowa [1, ]
|
-
- a
- Nazwa osobowa (NP)
- Kurowski, Michał
-
- c
- Dopowiedzenie inne niż daty biograficzne (NP)
- (prawo).
-
- e
- Określenie rodzaju współpracy
- Autor
-
|
|
700 -Hasło dodatkowe - nazwa osobowa [1, ]
|
-
- a
- Nazwa osobowa (NP)
- Kusak, Martyna
-
- d
- Daty biograficzne (NP)
- (1987- ).
-
- e
- Określenie rodzaju współpracy
- Autor
-
|
|
700 -Hasło dodatkowe - nazwa osobowa [1, ]
|
-
- a
- Nazwa osobowa (NP)
- Lach, Arkadiusz
-
- d
- Daty biograficzne (NP)
- (1976- ).
-
- e
- Określenie rodzaju współpracy
- Autor
-
|
|
700 -Hasło dodatkowe - nazwa osobowa [1, ]
|
-
- a
- Nazwa osobowa (NP)
- Widła, Tadeusz
-
- d
- Daty biograficzne (NP)
- (1951-2020).
-
- e
- Określenie rodzaju współpracy
- Autor
-
|
|
700 -Hasło dodatkowe - nazwa osobowa [1, ]
|
-
- a
- Nazwa osobowa (NP)
- Wiliński, Paweł
-
- d
- Daty biograficzne (NP)
- (1975- ).
-
- e
- Określenie rodzaju współpracy
- Autor
-
|
|
700 -Hasło dodatkowe - nazwa osobowa [1, ]
|
-
- a
- Nazwa osobowa (NP)
- Zgryzek, Kazimierz.
-
- e
- Określenie rodzaju współpracy
- Autor
-
|
|
700 -Hasło dodatkowe - nazwa osobowa [1, ]
|
-
- a
- Nazwa osobowa (NP)
- Żak, Marcin.
-
- e
- Określenie rodzaju współpracy
- Autor
-
|
|
700 -Hasło dodatkowe - nazwa osobowa [1, ]
|
-
- a
- Nazwa osobowa (NP)
- Hofmański, Piotr
-
- d
- Daty biograficzne (NP)
- (1956- ).
-
- e
- Określenie rodzaju współpracy
- Redakcja
-
|
|
710 -Hasło dodatkowe - nazwa ciała zbiorowego [2, ]
|
-
- a
- Nazwa ciała zbiorowego lub nazwa geograficzna jako pierwszy element (NP)
- Wolters Kluwer Polska.
-
- e
- Rodzaj współpracy
- Wydawca
-
-
|
|
920 -ISBN [ , ]
|
-
- a
- ISBN
- 978-83-8107-995-2
-
- q
- Dopowiedzenie
- t. 8 ; całość
|
|
920 -ISBN [ , ]
|
-
- a
- ISBN
- 978-83-8107-998-3
-
- q
- Dopowiedzenie
- t. 8, cz. 1 i 2
|
|
920 -ISBN [ , ]
|
-
- a
- ISBN
- 978-83-8107-999-0
-
- q
- Dopowiedzenie
- t. 8, cz. 3 i 4
|
|
920 -ISBN [ , ]
|
-
- a
- ISBN
- 978-83-8160-597-7
-
- q
- Dopowiedzenie
- t. 8, cz. 1
|
|
920 -ISBN [ , ]
|
-
- a
- ISBN
- 978-83-8107-996-9
-
- q
- Dopowiedzenie
- t. 8, cz. 2
|
|
920 -ISBN [ , ]
|
-
- a
- ISBN
- 978-83-8160-461-1
-
- q
- Dopowiedzenie
- t. 8, cz. 3
|
|
920 -ISBN [ , ]
|
-
- a
- ISBN
- 978-83-8107-997-6
-
- q
- Dopowiedzenie
- t. 8, cz. 4
|
|
920 -ISBN [ , ]
|
-
- a
- ISBN
- 978-83-278-0080-0
-
|
|
920 -ISBN [ , ]
|
-
- a
- ISBN
- 978-83-264-8814-6
-
|